Retoño 3 : (Registro nro. 8242)
[ vista simple ]
| 000 -LEADER | |
|---|---|
| fixed length control field | 00974nam a2200289 a 4500 |
| 001 - CONTROL NUMBER | |
| control field | 000046584 |
| 003 - CONTROL NUMBER IDENTIFIER | |
| control field | DO-SdBNP |
| 005 - DATE AND TIME OF LATEST TRANSACTION | |
| control field | 20160426134433.0 |
| 007 - PHYSICAL DESCRIPTION FIXED FIELD--GENERAL INFORMATION | |
| fixed length control field | 000046584 |
| 008 - FIXED-LENGTH DATA ELEMENTS--GENERAL INFORMATION | |
| fixed length control field | 150828s2004 dr ac 000 spa d |
| 020 ## - INTERNATIONAL STANDARD BOOK NUMBER | |
| International Standard Book Number | 9945400908 |
| 040 ## - CATALOGING SOURCE | |
| Original cataloging agency | BPMSU |
| Language of cataloging | spa |
| Transcribing agency | BPMSU |
| 100 1# - MAIN ENTRY--PERSONAL NAME | |
| Personal name | Cuello del Orbe, Elisa Ysabel |
| 245 10 - TITLE STATEMENT | |
| Title | Retoño 3 : |
| Remainder of title | pre-cálculo / |
| Statement of responsibility, etc. | Elisa Ysabel Cuello del Orbe ; ilustraciones Ramón Sandoval. |
| 260 ## - PUBLICATION, DISTRIBUTION, ETC. (IMPRINT) | |
| Place of publication, distribution, etc. | Santo Domingo : |
| Name of publisher, distributor, etc. | Actualidad Escolar 2000, |
| Date of publication, distribution, etc. | [200?]. |
| 300 ## - PHYSICAL DESCRIPTION | |
| Extent | 64 p. : |
| Other physical details | il. ; |
| Dimensions | 21 cm. |
| 500 ## - GENERAL NOTE | |
| General note | Educación inicial |
| 500 ## - GENERAL NOTE | |
| General note | La biblioteca posee el v. 3 |
| 700 12 - ADDED ENTRY--PERSONAL NAME | |
| Personal name | Sandoval, Ramón, |
| Relator term | il. |
| 700 12 - ADDED ENTRY--PERSONAL NAME | |
| Personal name | Rosa, María del Jesús de la, |
| Relator term | ed. |
| 930 #1 - EQUIVALENCE OR CROSS-REFERENCE-UNIFORM TITLE HEADING [LOCAL, CANADA] | |
| Language of a work | BND01 |
| Medium of performance for music | LF1 |
| Field link and sequence number | 20150828 |
| Date of a work | 01 |
| Name of part/section of a work | OI |
| Miscellaneous information | 50385 |
| 942 ## - ADDED ENTRY ELEMENTS (KOHA) | |
| Source of classification or shelving scheme | Dewey Decimal Classification |
| Koha item type | Libros |
| 956 ## - LOCAL ELECTRONIC LOCATION AND ACCESS (OCLC) | |
| Host name | DGARCIA |
| Access number | 10 |
| Compression information | 20150828 |
| Logon | BND01 |
| Processor of request | 0909 |
| 956 ## - LOCAL ELECTRONIC LOCATION AND ACCESS (OCLC) | |
| Host name | VMATEO |
| Access number | 10 |
| Compression information | 20150828 |
| Logon | BND01 |
| Processor of request | 0937 |
| 956 ## - LOCAL ELECTRONIC LOCATION AND ACCESS (OCLC) | |
| Host name | VMATEO |
| Access number | 10 |
| Compression information | 20150830 |
| Logon | BPMSU |
| Processor of request | 00151 |
| 956 ## - LOCAL ELECTRONIC LOCATION AND ACCESS (OCLC) | |
| Host name | LOPEREZ |
| Access number | 10 |
| Compression information | 20160426 |
| Logon | BPMSU |
| Processor of request | 00041 |
| Withdrawn status | Lost status | Source of classification or shelving scheme | Damaged status | Not for loan | Collection code | Home library | Current library | Date acquired | Source of acquisition | Total Checkouts | Barcode | Date last seen | Copy number | Price effective from | Koha item type |
|---|---|---|---|---|---|---|---|---|---|---|---|---|---|---|---|
| Dewey Decimal Classification | Biblioteca Pública Metropolitana Salomé Ureña | Biblioteca Pública Metropolitana Salomé Ureña | 08/31/2015 | Donación | BPMSU15080534 | 08/31/2015 | v. 3 | 08/31/2015 | Libros |